000 004750000a22001810004500
003 MACL
005 20150708153944.0
008 150708b xxu||||| |||| 00| 0 eng d
040 _aMACL
_cMACL
041 _aEnglish
082 _a305.4/SAT
100 _aSattar, Nargis
_91476
245 _aContinuity and Change in Indian Society
_bWith Emphasis on Women
260 _bBest Books
_c2008
_aKolkata
350 _a120
650 _aSociology
_919
942 _cBK
_k305.4/SAT
_2ddc
999 _c42186
_d42186